| 000 | 00393cam a2200169ua 4500 | ||
|---|---|---|---|
| 020 | _c2.00 | ||
| 041 |
_aben _h |
||
| 082 |
_a891.54 _bTAG/BA |
||
| 100 | _aTagore, Ravindra Nath. | ||
| 245 |
_aBahurani / _cTagore. _hTextual Documents |
||
| 260 |
_a : _bHind Pocket Books Pvt Ltd , _c1950. |
||
| 300 | _a144 ; . | ||
| 365 | _a2.00 | ||
| 504 | _a | ||
| 942 | _cBK | ||
| 999 |
_c4092 _d4092 |
||